| 000 | 00452nam a22001457a 4500 | ||
|---|---|---|---|
| 008 | 260106b |||||||| |||| 00| 0 eng d | ||
| 020 | _a9789834090401 | ||
| 082 |
_a868.757 LTD _b1 |
||
| 245 |
_a青蛙睡在鞋子里 [簡體書] _b: 一名教师的春风化雨 = Destination of a teacher _c李天岱 |
||
| 260 |
_a吉隆坡 : 南大教育 _b李天岱 _c2009 |
||
| 300 |
_a221面 _c 21公分 |
||
| 365 | _bgift | ||
| 600 | _a李天岱 | ||
| 942 |
_2ddc _cBK |
||
| 999 |
_c70046 _d70036 |
||